Estadísticas para Rosco de Pasapalabra #38

Haz click aquí para intentar la prueba.

Estadísticas generales

  • Esta prueba ha sido intentada 73 veces
  • La puntuación promedio es 12 de 25

Estadísticas de respuestas

InicialDefiniciónRespuesta% Correcto
CCiudad principal y cabeza de un Estado, provincia o distritoCapital
100%
BDeporte entre dos equipos de siete jugadores, basado en introducir con la mano un balón en la porteríaBalonmano
98%
DAcción y efecto de convertir en el aparato digestivo los alimentos en sustancias asimilables por el organismoDigestión
85%
AVehículo acondicionado para ser utilizado como viviendaAutocaravana
83%
SPersonaje de ficción que tiene poderes extraordinariosSuperhéroe
75%
LInsecto de cuerpo largo y colores llamativos, con dos pares de alas, que vive en orillas de estanques y ríosLibélula
73%
Contiene la ÑMayor o menor volumen o dimensión de algoTamaño
69%
GConducto con que se transporta gas desde el lugar de producción al de consumoGasoducto
67%
IEstímulo ofrecido a un trabajador o grupo con el fin de elevar la producción y mejorar los rendimientosIncentivo
63%
NIgnorante y que no sabe lo que podía o debía saberNecio
62%
Contiene la YGerundio del verbo roerRoyendo
56%
FObra impresa, no periódica, de reducido número de hojasFolleto
54%
OAguardiente que se elabora a partir de la destilación del hollejo de la uvaOrujo
48%
Contiene la QUtensilio compuesto de dos planchas de madera, que se chocan ante la cámara para sincronizar sonido e imagenClaqueta
44%
JSe dice del alimento que es sustanciosoJugoso
44%
ZEn algunos deportes, golpe en el que se emplea con fuerza la mano o el pie izquierdosZurdazo
42%
RPosibilidad de que ocurra una desgracia o un contratiempoRiesgo
40%
UAcrónimo con que es conocida la Organización de las Naciones Unidas para la Educación, la Ciencia y la CulturaUNESCO
40%
Contiene la XFlojo, que no tiene la tensión que naturalmente debe tenerLaxo
35%
EAcicalar o arreglar con adornos a alguien o algoEngalanar
12%
TCoronilla que se rasuraba en la cabeza de los clérigosTonsura
10%
HInstrumento musical de metal con circular que permite colocarlo alrededor del cuerpo de quien lo tocaHelicón
4%
MAmplificador de microondasMáser
4%
PParque nacional de Colombia en el que se encuentra la Serranía de los CoconucosPuracé
2%
VApellido del cantante que publicó el álbum 'Tangos al mango'Vattuone
2%

Distribución de puntuación

Porcentaje por número respondido

Porcentaje de gente con cada puntuación

Historial de tus puntuaciones

No has intentado esta prueba.